LEADER 01014nam0 22002651i 450 001 RML0254198 005 20231121125712.0 010 $a8814032173 100 $a20121121d1992 ||||0itac50 ba 101 | $aita 102 $ait 181 1$6z01$ai $bxxxe 182 1$6z01$an 200 1 $a˜Le œprestazioni di fatto nel rapporto di lavoro con le u.s.l.$eatti del convegno di Catania 19-20 ottobre 1990 210 $aMilano $cGiuffrè $d1992 215 $a200 p.$d25 cm 606 $aDiritto del lavoro$2FIR$3RMLC022524$9E 801 3$aIT$bIT-01$c20121121 850 $aIT-FR0098 899 $aBiblioteca Area Giuridico Economica$bFR0098 912 $aRML0254198 950 0$aBiblioteca Area Giuridico Economica$d 53DSG GIU20/019$e 53VM 0000251045 VM barcode:BAGE015860. - Inventario:5670. - Fondo:Sala consultazioneVM$fA $h20010423$i20121204 977 $a 53 996 $aPrestazioni di fatto nel rapporto di lavoro con le U.S.L$9687581 997 $aUNICAS